市町村境界を持つ有人島(2000年) - Statistics

General Stats
  • This quiz has been taken 67 times
  • The average score is 18 of 34
Answer Stats
Answer 都道府県 境界線のある市町村 % Correct
淡路島 兵庫県 洲本市/淡路町/一宮町/津名町/五色町/東浦町/北淡町/西淡町/南淡町/緑町/三原町
96%
利尻島 北海道 利尻町/利尻富士町
95%
佐渡島 新潟県 両津市/相川町/小木町/佐和田町/畑野町/羽茂町/真野町/赤泊村
93%
択捉島 北海道 蘂取村/紗那村/留別村
80%
国後島 北海道 泊村/留夜別村
80%
奄美大島 鹿児島県 名瀬市/笠利町瀬戸内町/龍郷町/宇検村/住用村/大和村
78%
種子島 鹿児島県 西之表市/中種子町/南種子町
76%
屋久島 鹿児島県 上屋久町/屋久町
76%
宮古島 沖縄県 平良市/城辺町/下地町/上野村
73%
対馬 長崎県 厳原町/上県町/上対馬町/豊玉町/美津島町/峰町
69%
壱岐島 長崎県 芦辺町/石田町/勝本町/郷ノ浦町
67%
徳之島 鹿児島県 天城町/伊仙町/徳之島町
64%
福江島 長崎県 福江市/岐宿町/玉之浦町/富江町/三井楽町
62%
沖縄本島 沖縄県 那覇市など
60%
島後 島根県 西郷町/五箇村/都万村/布施村
56%
久米島 沖縄県 具志川村/仲里村
55%
大島 愛媛県 宮窪町/吉海町
53%
沖永良部島 鹿児島県 知名町/和泊町
53%
天草上島 熊本県 本渡市/有明町/倉岳町/栖本町/姫戸町/松島町/龍ヶ岳町
51%
天草下島 熊本県 牛深市/本渡市/天草町/五和町/河浦町/新和町/苓北町
51%
井島 岡山県/香川県 玉野市/直島町
49%
大崎上島 広島県 大崎町/木江町/東野町
44%
上甑島 鹿児島県 上甑村/里村
42%
長島 鹿児島県 東町/長島町
38%
下甑島 鹿児島県 鹿島村/下甑村
36%
大三島 愛媛県 大三島町/上浦町
33%
大崎下島 広島県 豊浜町/豊町
31%
生口島 広島県 因島市/瀬戸田町
27%
倉橋島 広島県 音戸町/倉橋町
24%
向島 広島県 尾道市/向島町
22%
屋代島 山口県 大島町/久賀町/橘町/東和町
20%
中通島 長崎県 有川町/上五島町/新魚目町/奈良尾町/若松町
20%
能美島 広島県 大柿町/沖美町/能美町
16%
三角島 広島県 豊浜町/豊町
0%
No matching quizzes found
Score Distribution
Percent of People with Each Score
Percentile by Number Answered
Your Score History
You have not taken this quiz